Nghiên cứu sử dụng dịch thủy phân protein từ trùng quế (Peryoyx excavatus) và chế phẩm enzyme phytase làm nguồn dinh dưỡng bổ sung cho heo : Luận văn thạc sĩ - Chuyên ngành: Công nghệ thực phẩm

Guardat en:
Dades bibliogràfiques
Autor principal: Nguyễn, Ngọc Huy
Format: Luận văn
Idioma:Undetermined
Publicat: Trường Đại học Công nghiệp Tp. Hồ Chí Minh 2019
Matèries:
Etiquetes: Afegir etiqueta
Sense etiquetes, Sigues el primer a etiquetar aquest registre!
Thư viện lưu trữ: Trung tâm Thư viện - Trường Đại học Công nghiệp TP. Hồ Chí Minh
LEADER 00786nam a2200157Ia 4500
001 UIH_01441
008 230809s9999 xx 000 0 und d
082 |a 664 
100 |a Nguyễn, Ngọc Huy 
245 0 |a Nghiên cứu sử dụng dịch thủy phân protein từ trùng quế (Peryoyx excavatus) và chế phẩm enzyme phytase làm nguồn dinh dưỡng bổ sung cho heo : Luận văn thạc sĩ - Chuyên ngành: Công nghệ thực phẩm 
245 0 |c Nguyễn, Ngọc Huy 
260 |b Trường Đại học Công nghiệp Tp. Hồ Chí Minh 
260 |c 2019 
650 |a Công nghệ thực phẩm 
927 |a Luận văn 
980 |a Trung tâm Thư viện - Trường Đại học Công nghiệp TP. Hồ Chí Minh